Представление документа в формате RUSMARC

ПолеНазваниеЗначение
  Тип записи a
  Библиографический уровень m
001 Контрольный номер RU/SLIB/B/208713481
005 Дата корректировки 20201206203920.3
010 Индекс ISBN __
d Цена 3-50
101 Язык документа __
a Язык текста rus
c Язык оригинала bul
200 Заглавие и сведения об ответственности 0_
a Заглавие 700 советов садоводу-любителю
f Первые сведения об ответственности Виденов Б. М., Ковачев Г. Т., Манов С. Л. ; пер. с болг. А. Петров
b Общее обозначение материала Текст
205 Сведения об издании __
a Основные сведения об издании 3-е изд., стер.
210 Выходные данные __
a Место издания София
c Издательство Земиздат
d Дата издания 1978
215 Физическое описание __
a Объем 414 с.
c Иллюстрации/тип воспроизводства ил.
517 Другие варианты заглавия __
a Другие варианты заглавия Семьсот советов садоводу-любителю
606 Тематические рубрики __
a Основная рубрика Сельское хозяйство
606 Тематические рубрики __
a Основная рубрика Садоводство в целом
606 Тематические рубрики __
a Основная рубрика Ягодоводство
610 Ключевые слова __
a Ключевые слова садоводство; садовые культуры; садовые растения; уход за растениями; приусадебные сады
686 Индексы других классификаций __
a Классификационный индекс 42.351
700 Автор _1
a Фамилия Виденов
b Имя Б. М.
4 Код отношения 070
702 Вторичная интеллектуальная ответственность _1
a Фамилия Ковачев
b Имя Г. Т.
4 Код отношения Автор
4 Код отношения 070
702 Вторичная интеллектуальная ответственность _1
a Фамилия Манов
b Имя С. Л.
4 Код отношения Автор
4 Код отношения 070
702 Вторичная интеллектуальная ответственность _1
a Фамилия Петров
b Имя А.
4 Код отношения Переводчик
4 Код отношения 730
801 Источник записи _0
a Страна RU
b Организация Муниципальное бюджетное учреждение культуры "Централизованная библиотечная система" г. Сургут (Центральная городская библиотека им. А. С. Пушкина)
g Правила каталогизации КиК/Котельникова
801 Источник записи _1
a Страна RU
b Организация Муниципальное бюджетное учреждение культуры "Централизованная библиотечная система" г. Сургут (Центральная городская библиотека им. А. С. Пушкина)
g Правила каталогизации КиК/Котельникова
852 Данные о местонахождении __
j Шифр хранения 42.351
i Авторский знак В 42
p Инвентарный номер 6956
901 Тип документа __
t Тип документа m
990 Данные о заказе (DOS) 00
j Количество экземпляров (DOS) 1